Sports mega-events: social scientific analyses of a global phenomenon

Enregistré dans:
Détails bibliographiques
Autres auteurs: Horne, John, Manzenreiter, Wolfram
Format: Livre
Langue:anglais
Publié: Malden Blackwell Publishing 2006
Collection:Sociological review monographs
Sujets:
Tags: Ajouter un tag
Pas de tags, Soyez le premier à ajouter un tag!

MARC

LEADER 00000nam$a2200000$$$4500
001 0058188
005 20240315115723.2
020 |a 978-1-4051-5290-7 
020 |a 1-4051-5290-7 
041 0 |a eng 
044 |a US 
245 1 0 |a Sports mega-events: social scientific analyses of a global phenomenon  |c edited by John Horne and Wolfram Manzenreiter 
264 1 |a Malden  |b Blackwell Publishing  |c 2006 
300 |a 199 s. 
490 1 |a Sociological review monographs 
830 0 |a Sociological review monographs 
610 2 0 |a šport 
610 2 0 |a analýza sociálna 
610 2 0 |a porovnanie medzinárodné 
610 2 0 |a sociológia 
700 1 |a Horne, John 
700 1 |a Manzenreiter, Wolfram